[Event "National Elementary Championship"]
[Site "Columbus, Ohio, United States"]
[Date "2022.05.14"]
[Round "3.12"]
[White "Ho, Carter"]
[Black "Williams, Christopher"]
[Result "1-0"]
[TimeControl "G/90;d5"]
[WhiteElo "2033"]
[BlackElo "1627"]

1. e4 {[%clk 01:30:00]} {[%emt 00:00:02]} c5 {[%clk 01:30:00]} {[%emt
00:00:05]} 2. Nf3 {[%clk 01:30:00]} {[%emt 00:00:05]} d6 {[%clk 01:30:00]}
{[%emt 00:00:04]} 3. d4 {[%clk 01:30:00]} {[%emt 00:00:01]} cxd4 {[%clk
01:30:00]} {[%emt 00:00:06]} 4. Nxd4 {[%clk 01:30:00]} {[%emt 00:00:02]} Nf6
{[%clk 01:29:44]} {[%emt 00:00:21]} 5. Nc3 {[%clk 01:30:00]} {[%emt 00:00:03]}
a6 {[%clk 01:29:23]} {[%emt 00:00:27]} 6. f3 {[%clk 01:30:00]} {[%emt
00:00:03]} e5 {[%clk 01:29:23]} {[%emt 00:00:05]} 7. Nb3 {[%clk 01:30:00]}
{[%emt 00:00:02]} Be6 {[%clk 01:29:19]} {[%emt 00:00:09]} 8. Be3 {[%clk
01:30:00]} {[%emt 00:00:02]} Nbd7 {[%clk 01:29:13]} {[%emt 00:00:11]} 9. Qd2
{[%clk 01:30:00]} {[%emt 00:00:05]} b5 {[%clk 01:29:07]} {[%emt 00:00:11]} 10.
g4 {[%clk 01:17:12]} {[%emt 00:12:52]} h6 {[%clk 01:28:44]} {[%emt 00:00:29]}
11. O-O-O {[%clk 01:15:25]} {[%emt 00:01:51]} Rc8 {[%clk 01:28:04]} {[%emt
00:00:46]} 12. Kb1 {[%clk 01:13:20]} {[%emt 00:02:10]} Be7 {[%clk 01:27:36]}
{[%emt 00:00:34]} 13. Nd5 {[%clk 01:02:10]} {[%emt 00:11:14]} Bxd5 {[%clk
01:26:23]} {[%emt 00:01:19]} 14. exd5 {[%clk 01:02:10]} {[%emt 00:00:04]} Nb6
{[%clk 01:24:57]} {[%emt 00:01:31]} 15. Bxb6 {[%clk 00:59:22]} {[%emt
00:02:52]} Qxb6 {[%clk 01:21:45]} {[%emt 00:03:18]} 16. h4 {[%clk 00:54:18]}
{[%emt 00:05:08]} Rc7 {[%clk 01:21:03]} {[%emt 00:00:48]} 17. Be2 {[%clk
00:50:48]} {[%emt 00:03:34]} e4 {[%clk 01:18:18]} {[%emt 00:02:50]} 18. g5
{[%clk 00:46:17]} {[%emt 00:04:36]} hxg5 {[%clk 01:18:00]} {[%emt 00:00:23]} 19.
hxg5 {[%clk 00:46:03]} {[%emt 00:00:19]} Nh7 {[%clk 01:17:13]} {[%emt
00:00:52]} 20. f4 {[%clk 00:42:53]} {[%emt 00:03:14]} Rc8 {[%clk 01:12:39]}
{[%emt 00:04:40]} 21. Rh2 {[%clk 00:40:41]} {[%emt 00:02:16]} Kf8 {[%clk
01:11:04]} {[%emt 00:01:42]} 22. Rdh1 {[%clk 00:39:40]} {[%emt 00:01:05]} Kg8
{[%clk 01:10:36]} {[%emt 00:00:33]} 23. Bg4 {[%clk 00:38:47]} {[%emt 00:00:58]}
Rc4 {[%clk 01:10:06]} {[%emt 00:00:35]} 24. g6 {[%clk 00:33:01]} {[%emt
00:05:50]} e3 {[%clk 01:05:43]} {[%emt 00:04:28]} 25. gxf7+ {[%clk 00:23:07]}
{[%emt 00:10:00]} Kf8 {[%clk 01:05:06]} {[%emt 00:00:43]} 26. Qd3 {[%clk
00:22:51]} {[%emt 00:00:21]} Rxf4 {[%clk 01:04:49]} {[%emt 00:00:21]} 27. Rxh7
{[%clk 00:21:28]} {[%emt 00:01:28]} Rxh7 {[%clk 01:03:46]} {[%emt 00:01:09]} 28.
Qxh7 {[%clk 00:21:22]} {[%emt 00:00:10]} Kxf7 {[%clk 01:03:38]} {[%emt
00:00:14]} 29. Be6+ {[%clk 00:19:00]} {[%emt 00:02:26]} Ke8 {[%clk 01:01:14]}
{[%emt 00:02:29]} 30. Qxg7 {[%clk 00:17:52]} {[%emt 00:01:13]} Rf8 {[%clk
00:58:58]} {[%emt 00:02:21]} 31. Rh8 {[%clk 00:17:33]} {[%emt 00:00:24]} Kd8
{[%clk 00:57:31]} {[%emt 00:01:32]} 32. Rxf8+ {[%clk 00:17:29]} {[%emt
00:00:09]} Bxf8 {[%clk 00:57:25]} {[%emt 00:00:11]} 33. Qd7# {[%clk 00:17:27]}
{[%emt 00:00:07]} 1-0

[Event "National Elementary Championship"]
[Site "Columbus, Ohio, United States"]
[Date "2022.05.14"]
[Round "3.13"]
[White "Shen, Edward"]
[Black "Liu, Aiden"]
[Result "0-1"]
[TimeControl "G/90;d5"]
[WhiteElo "1669"]
[BlackElo "2015"]

1. d4 {[%clk 01:30:00]} {[%emt 00:00:25]} d5 {[%clk 01:30:00]} 2. c4 {[%clk
01:30:00]} c6 {[%clk 01:30:00]} 3. cxd5 {[%clk 01:30:00]} cxd5 {[%clk
01:30:00]} 4. Nf3 {[%clk 01:30:00]} {[%emt 00:00:19]} Nc6 {[%clk 01:30:00]}
{[%emt 00:00:04]} 5. Nc3 {[%clk 01:29:59]} Nf6 {[%clk 01:30:00]} 6. Bf4 {[%clk
01:29:59]} Bf5 {[%clk 01:30:00]} {[%emt 00:00:07]} 7. e3 {[%clk 01:29:57]}
{[%emt 00:00:17]} e6 {[%clk 01:30:00]} 8. Qb3 {[%clk 01:29:37]} {[%emt
00:00:38]} Bb4 {[%clk 01:29:59]} 9. Bb5 {[%clk 01:24:34]} {[%emt 00:04:47]} O-O
{[%clk 01:29:35]} {[%emt 00:00:44]} 10. Bxc6 {[%clk 01:24:25]} {[%emt
00:00:04]} Bxc3+ {[%clk 01:29:35]} {[%emt 00:00:06]} 11. Qxc3 {[%clk 01:24:21]}
{[%emt 00:00:06]} Rc8 {[%clk 01:29:34]} {[%emt 00:00:12]} 12. Ne5 {[%clk
01:23:58]} {[%emt 00:00:37]} Ng4 {[%clk 01:28:31]} {[%emt 00:00:55]} 13. O-O
{[%clk 01:02:53]} {[%emt 00:21:40]} Nxe5 {[%clk 01:27:42]} {[%emt 00:00:51]} 14.
Bxe5 {[%clk 01:02:50]} Rxc6 {[%clk 01:27:37]} 15. Qa3 {[%clk 00:58:46]} {[%emt
00:03:44]} Qb6 {[%clk 01:20:06]} {[%emt 00:07:49]} 16. Rac1 {[%clk 00:54:34]}
{[%emt 00:04:18]} Rfc8 {[%clk 01:06:15]} {[%emt 00:13:57]} 17. Rxc6 {[%clk
00:50:01]} {[%emt 00:04:37]} Qxc6 {[%clk 01:03:41]} {[%emt 00:02:38]} 18. h3
{[%clk 00:38:15]} {[%emt 00:11:51]} a6 {[%clk 00:57:33]} {[%emt 00:06:15]} 19.
Bd6 {[%clk 00:31:43]} {[%emt 00:06:52]} b6 {[%clk 00:53:16]} {[%emt 00:04:16]}
20. Be5 {[%clk 00:26:21]} {[%emt 00:05:14]} a5 {[%clk 00:52:44]} {[%emt
00:00:38]} 21. Qe7 {[%clk 00:24:05]} {[%emt 00:02:24]} Re8 {[%clk 00:49:45]}
{[%emt 00:03:02]} 22. Qc7 {[%clk 00:23:29]} {[%emt 00:01:18]} Rc8 {[%clk
00:49:17]} {[%emt 00:00:04]} 23. Qe7 {[%clk 00:23:20]} {[%emt 00:00:06]} h6
{[%clk 00:42:12]} {[%emt 00:07:42]} 24. a3 {[%clk 00:19:39]} {[%emt 00:03:15]}
a4 {[%clk 00:39:00]} {[%emt 00:03:18]} 25. Qa7 {[%clk 00:16:45]} {[%emt
00:03:31]} Bd3 {[%clk 00:31:54]} {[%emt 00:06:36]} 26. Re1 {[%clk 00:15:49]}
{[%emt 00:00:59]} b5 {[%clk 00:29:59]} {[%emt 00:02:03]} 27. Qe7 {[%clk
00:12:40]} {[%emt 00:03:32]} Qc2 {[%clk 00:28:09]} {[%emt 00:01:36]} 28. Qd7
{[%clk 00:11:58]} {[%emt 00:00:53]} Rf8 {[%clk 00:27:51]} {[%emt 00:00:15]} 29.
Bd6 {[%clk 00:11:30]} {[%emt 00:00:35]} Ra8 {[%clk 00:25:45]} {[%emt 00:02:10]}
30. Qb7 {[%clk 00:11:09]} {[%emt 00:00:38]} Qc8 {[%clk 00:24:51]} {[%emt
00:00:53]} 31. Qxc8+ {[%clk 00:11:07]} {[%emt 00:00:22]} Rxc8 {[%clk 00:24:51]}
32. Bc5 {[%clk 00:11:07]} {[%emt 00:00:06]} e5 {[%clk 00:24:16]} {[%emt
00:00:21]} 33. Kh2 {[%clk 00:10:23]} {[%emt 00:00:52]} f5 {[%clk 00:23:49]}
{[%emt 00:00:29]} 34. g3 {[%clk 00:10:16]} {[%emt 00:00:20]} e4 {[%clk
00:23:11]} {[%emt 00:00:42]} 35. h4 {[%clk 00:09:53]} {[%emt 00:00:23]} g6
{[%clk 00:23:11]} {[%emt 00:00:09]} 36. Kg2 {[%clk 00:09:49]} {[%emt 00:00:05]}
Kf7 {[%clk 00:23:11]} {[%emt 00:00:07]} 37. Rc1 {[%clk 00:09:40]} {[%emt
00:00:08]} Bc4 {[%clk 00:23:10]} {[%emt 00:00:38]} 38. Kh3 {[%clk 00:09:26]}
{[%emt 00:00:08]} g5 {[%clk 00:22:57]} {[%emt 00:00:04]} 39. h5 {[%clk
00:08:41]} {[%emt 00:00:43]} Be2 {[%clk 00:22:54]} {[%emt 00:00:22]} 40. Kg2
{[%clk 00:08:32]} {[%emt 00:00:07]} Bxh5 {[%clk 00:22:52]} 41. Rh1 {[%clk
00:08:32]} {[%emt 00:00:14]} Bf3+ {[%clk 00:22:52]} 42. Kh2 {[%clk 00:08:28]}
{[%emt 00:00:08]} Bxh1 {[%clk 00:22:34]} {[%emt 00:00:31]} 43. Kxh1 {[%clk
00:08:28]} h5 {[%clk 00:21:25]} {[%emt 00:01:01]} 44. Kh2 {[%clk 00:07:31]}
{[%emt 00:01:01]} Rxc5 {[%clk 00:21:21]} {[%emt 00:00:08]} 45. dxc5 {[%clk
00:07:22]} {[%emt 00:00:17]} Ke6 {[%clk 00:21:21]} {[%emt 00:00:03]} 46. Kg2
{[%clk 00:07:15]} {[%emt 00:00:13]} Kd7 {[%clk 00:21:21]} {[%emt 00:00:04]} 47.
f4 {[%clk 00:07:15]} {[%emt 00:00:04]} g4 {[%clk 00:21:21]} {[%emt 00:00:05]}
48. Kf2 {[%clk 00:07:12]} {[%emt 00:00:06]} Kc6 {[%clk 00:21:21]} {[%emt
00:00:08]} 49. Ke2 {[%clk 00:07:04]} {[%emt 00:00:08]} Kxc5 {[%clk 00:21:21]}
{[%emt 00:00:08]} 50. Kd2 {[%clk 00:07:02]} {[%emt 00:00:07]} Kc4 {[%clk
00:21:21]} {[%emt 00:00:06]} 51. Kc2 {[%clk 00:07:02]} {[%emt 00:00:03]} h4
{[%clk 00:21:18]} {[%emt 00:00:05]} 52. gxh4 {[%clk 00:07:02]} {[%emt
00:00:15]} g3 {[%clk 00:21:18]} 53. h5 {[%clk 00:07:02]} {[%emt 00:00:04]} g2
{[%clk 00:21:18]} 54. h6 {[%clk 00:06:58]} {[%emt 00:00:06]} g1=Q {[%clk
00:21:18]} {[%emt 00:00:04]} 55. h7 {[%clk 00:06:40]} {[%emt 00:00:18]} Qf2+
{[%emt 00:00:32]} 56. Kb1 {[%clk 00:06:32]} Kb3 {[%clk 00:21:17]} 57. Kc1
{[%clk 00:06:15]} {[%emt 00:00:14]} 0-1

[Event "National Elementary Championship"]
[Site "Columbus, Ohio, United States"]
[Date "2022.05.14"]
[Round "3.14"]
[White "Das, Aditeya"]
[Black "Liao, Connor"]
[Result "1-0"]
[TimeControl "G/90;d5"]
[WhiteElo "1995"]
[BlackElo "1593"]

1. e4 {[%clk 01:30:00]} c5 {[%clk 01:30:00]} {[%emt 00:00:06]} 2. Nf3 {[%clk
01:30:00]} {[%emt 00:00:04]} d6 {[%clk 01:29:54]} {[%emt 00:00:10]} 3. Bb5+
{[%clk 01:30:00]} {[%emt 00:00:17]} Bd7 {[%clk 01:29:38]} {[%emt 00:00:06]} 4.
Bxd7+ {[%clk 01:30:00]} {[%emt 00:00:04]} Qxd7 {[%clk 01:29:13]} {[%emt
00:00:51]} 5. O-O {[%clk 01:29:55]} {[%emt 00:00:07]} Nc6 {[%clk 01:28:45]}
{[%emt 00:00:15]} 6. c3 {[%clk 01:29:55]} {[%emt 00:00:04]} Nf6 {[%clk
01:28:39]} {[%emt 00:00:18]} 7. Re1 {[%clk 01:29:55]} e6 {[%clk 01:27:05]}
{[%emt 00:01:46]} 8. d4 {[%clk 01:29:55]} cxd4 {[%clk 01:26:02]} {[%emt
00:00:55]} 9. cxd4 {[%clk 01:29:55]} {[%emt 00:00:16]} d5 {[%clk 01:23:26]}
{[%emt 00:02:28]} 10. e5 {[%clk 01:29:00]} {[%emt 00:01:01]} Ne4 {[%clk
01:21:53]} {[%emt 00:01:37]} 11. Nbd2 {[%clk 01:29:00]} {[%emt 00:00:35]} Nxd2
{[%clk 01:19:04]} {[%emt 00:01:10]} 12. Bxd2 {[%clk 01:29:00]} {[%emt
00:01:24]} Be7 {[%clk 01:17:24]} {[%emt 00:01:40]} 13. a3 {[%clk 01:28:28]}
{[%emt 00:00:34]} O-O {[%clk 01:16:00]} {[%emt 00:01:47]} 14. b4 {[%clk
01:28:28]} a6 {[%clk 01:13:52]} {[%emt 00:01:58]} 15. Qb3 {[%clk 01:28:03]}
{[%emt 00:00:53]} Qc7 {[%clk 01:06:26]} {[%emt 00:07:08]} 16. Qd3 {[%clk
01:25:45]} {[%emt 00:02:24]} Qb6 {[%clk 00:58:55]} {[%emt 00:07:34]} 17. Bg5
{[%clk 01:24:42]} {[%emt 00:01:14]} h6 {[%clk 00:56:46]} {[%emt 00:02:08]} 18.
Bxe7 {[%clk 01:24:32]} {[%emt 00:00:33]} Nxe7 {[%clk 00:56:45]} 19. h4 {[%clk
01:24:20]} {[%emt 00:00:04]} Qb5 {[%clk 00:55:12]} {[%emt 00:01:42]} 20. Qd2
{[%clk 01:21:53]} {[%emt 00:02:25]} Rac8 {[%clk 00:54:53]} {[%emt 00:00:31]} 21.
a4 {[%clk 01:19:52]} {[%emt 00:02:14]} Qc4 {[%clk 00:53:41]} {[%emt 00:01:08]}
22. Rab1 {[%clk 01:19:47]} {[%emt 00:00:21]} Qc2 {[%clk 00:53:15]} {[%emt
00:00:20]} 23. Qxc2 {[%clk 01:18:51]} {[%emt 00:00:59]} Rxc2 {[%clk 00:53:02]}
{[%emt 00:00:34]} 24. b5 {[%clk 01:18:35]} {[%emt 00:00:22]} Rc4 {[%clk
00:48:23]} {[%emt 00:04:27]} 25. Ra1 {[%clk 01:12:54]} {[%emt 00:05:46]} Nf5
{[%clk 00:43:37]} {[%emt 00:04:58]} 26. Red1 {[%clk 01:12:00]} {[%emt
00:00:53]} Ra8 {[%clk 00:42:18]} {[%emt 00:01:23]} 27. g4 {[%clk 01:11:19]}
{[%emt 00:00:47]} Ne7 {[%clk 00:42:00]} {[%emt 00:00:35]} 28. Rdb1 {[%clk
01:10:44]} {[%emt 00:00:28]} axb5 {[%clk 00:41:28]} {[%emt 00:01:00]} 29. axb5
{[%clk 01:07:06]} {[%emt 00:03:19]} Rxa1 {[%clk 00:41:07]} {[%emt 00:00:48]} 30.
Rxa1 {[%clk 01:07:06]} Rb4 {[%clk 00:41:07]} 31. Ra5 {[%clk 01:04:51]} {[%emt
00:02:04]} b6 {[%clk 00:39:14]} {[%emt 00:02:00]} 32. Ra8+ {[%clk 01:04:27]}
{[%emt 00:00:31]} Kh7 {[%clk 00:39:05]} {[%emt 00:00:10]} 33. Ra7 {[%clk
01:04:13]} {[%emt 00:00:19]} Rb3 {[%clk 00:30:43]} {[%emt 00:08:30]} 34. Nd2
{[%clk 00:58:25]} {[%emt 00:05:50]} Rd3 {[%clk 00:29:43]} {[%emt 00:01:22]} 35.
Rxe7 {[%clk 00:57:45]} {[%emt 00:00:27]} Rxd2 {[%clk 00:29:36]} {[%emt
00:00:38]} 36. Rxf7 {[%clk 00:57:43]} {[%emt 00:00:03]} Rxd4 {[%clk 00:29:36]}
37. f4 {[%clk 00:57:30]} {[%emt 00:00:04]} Kg8 {[%clk 00:27:31]} {[%emt
00:02:05]} 38. Re7 {[%clk 00:57:20]} {[%emt 00:00:39]} Rxf4 {[%clk 00:27:28]}
{[%emt 00:00:03]} 39. Rxe6 {[%clk 00:57:17]} Rxg4+ {[%clk 00:27:28]} 40. Kf2
{[%clk 00:56:53]} {[%emt 00:00:25]} Rxh4 {[%clk 00:27:17]} {[%emt 00:00:31]} 41.
Rxb6 {[%clk 00:56:41]} {[%emt 00:00:13]} Re4 {[%clk 00:27:10]} {[%emt
00:00:04]} 42. e6 {[%clk 00:56:37]} {[%emt 00:00:10]} Kf8 {[%clk 00:24:58]}
{[%emt 00:02:10]} 43. Rc6 {[%clk 00:56:09]} {[%emt 00:00:35]} Ke7 {[%clk
00:24:05]} {[%emt 00:00:56]} 44. b6 {[%clk 00:56:06]} {[%emt 00:00:22]} Rf4+
{[%clk 00:23:27]} {[%emt 00:00:29]} 45. Ke3 {[%clk 00:55:48]} {[%emt 00:00:25]}
Rf8 {[%clk 00:18:46]} {[%emt 00:04:47]} 46. Kd4 {[%clk 00:55:01]} {[%emt
00:00:48]} Rd8 {[%clk 00:17:17]} {[%emt 00:01:34]} 47. Ke5 {[%clk 00:54:59]}
{[%emt 00:00:10]} d4 {[%clk 00:14:01]} {[%emt 00:03:17]} 48. Rc7+ {[%clk
00:54:59]} {[%emt 00:00:38]} Ke8 {[%clk 00:12:39]} {[%emt 00:00:54]} 49. e7
{[%clk 00:54:14]} {[%emt 00:00:50]} Rb8 {[%clk 00:07:35]} {[%emt 00:05:09]} 50.
b7 {[%clk 00:54:08]} {[%emt 00:00:41]} Kf7 {[%clk 00:07:09]} {[%emt 00:00:10]}
51. Rc8 {[%clk 00:54:05]} {[%emt 00:00:03]} Kxe7 {[%clk 00:06:32]} {[%emt
00:00:38]} 52. Rxb8 {[%clk 00:53:49]} {[%emt 00:00:36]} d3 {[%clk 00:05:42]}
{[%emt 00:00:39]} 53. Rc8 {[%clk 00:53:49]} {[%emt 00:00:13]} d2 {[%clk
00:05:17]} {[%emt 00:00:23]} 54. Rc7+ {[%clk 00:53:46]} {[%emt 00:00:23]} Kd8
{[%clk 00:04:42]} {[%emt 00:00:17]} 1-0

[Event "National Elementary Championship"]
[Site "Columbus, Ohio, United States"]
[Date "2022.05.14"]
[Round "3.15"]
[White "Lu, Yiding"]
[Black "Amin, Aidan"]
[Result "0-1"]
[TimeControl "G/90;d5"]
[WhiteElo "1961"]
[BlackElo "1568"]

1. e4 {[%clk 01:30:00]} {[%emt 00:00:01]} e5 {[%clk 01:30:00]} {[%emt
00:00:06]} 2. Nf3 {[%clk 01:30:00]} {[%emt 00:00:03]} d6 {[%clk 01:29:58]}
{[%emt 00:00:08]} 3. d4 {[%clk 01:30:00]} {[%emt 00:00:05]} exd4 {[%clk
01:29:53]} {[%emt 00:00:09]} 4. Nxd4 {[%clk 01:30:00]} {[%emt 00:00:03]} Nf6
{[%clk 01:29:44]} {[%emt 00:00:14]} 5. Nc3 {[%clk 01:30:00]} {[%emt 00:00:04]}
Be7 {[%clk 01:29:21]} {[%emt 00:00:27]} 6. g3 {[%clk 01:27:45]} {[%emt
00:02:21]} Bd7 {[%clk 01:28:23]} {[%emt 00:01:02]} 7. Bg2 {[%clk 01:26:34]}
{[%emt 00:01:17]} Nc6 {[%clk 01:27:38]} {[%emt 00:00:49]} 8. O-O {[%clk
01:25:55]} {[%emt 00:00:45]} O-O {[%clk 01:26:37]} {[%emt 00:01:06]} 9. h3
{[%clk 01:19:03]} {[%emt 00:06:56]} Nxd4 {[%clk 01:22:11]} {[%emt 00:04:31]} 10.
Qxd4 {[%clk 01:19:03]} {[%emt 00:00:05]} Bc6 {[%clk 01:20:51]} {[%emt
00:01:25]} 11. Be3 {[%clk 01:12:27]} {[%emt 00:06:42]} Nd7 {[%clk 01:17:44]}
{[%emt 00:03:12]} 12. Nd5 {[%clk 01:00:58]} {[%emt 00:11:35]} Bf6 {[%clk
01:12:43]} {[%emt 00:05:05]} 13. Nxf6+ {[%clk 00:59:01]} {[%emt 00:02:03]} Qxf6
{[%clk 01:10:35]} {[%emt 00:02:11]} 14. Rad1 {[%clk 00:53:42]} {[%emt
00:05:25]} Qxd4 {[%clk 01:05:28]} {[%emt 00:05:12]} 15. Bxd4 {[%clk 00:53:02]}
{[%emt 00:00:46]} Rfe8 {[%clk 01:03:59]} {[%emt 00:01:33]} 16. Rfe1 {[%clk
00:50:59]} {[%emt 00:02:09]} a6 {[%clk 00:55:51]} {[%emt 00:08:13]} 17. c4
{[%clk 00:38:25]} {[%emt 00:12:39]} f6 {[%clk 00:50:50]} {[%emt 00:05:05]} 18.
f3 {[%clk 00:35:40]} {[%emt 00:02:51]} Ne5 {[%clk 00:47:05]} {[%emt 00:03:50]}
19. b3 {[%clk 00:31:23]} {[%emt 00:04:23]} Rad8 {[%clk 00:42:23]} {[%emt
00:04:46]} 20. Re3 {[%clk 00:22:05]} {[%emt 00:09:24]} Re7 {[%clk 00:34:54]}
{[%emt 00:07:32]} 21. Bf1 {[%clk 00:19:54]} {[%emt 00:02:17]} Nf7 {[%clk
00:31:26]} {[%emt 00:03:33]} 22. Kf2 {[%clk 00:18:48]} {[%emt 00:01:11]} Ng5
{[%clk 00:30:08]} {[%emt 00:01:22]} 23. Bc3 {[%clk 00:17:36]} {[%emt 00:01:18]}
Bd7 {[%clk 00:28:02]} {[%emt 00:02:10]} 24. h4 {[%clk 00:16:41]} {[%emt
00:01:00]} Nf7 {[%clk 00:26:58]} {[%emt 00:01:07]} 25. Be2 {[%clk 00:14:07]}
{[%emt 00:02:40]} Be6 {[%clk 00:23:41]} {[%emt 00:03:22]} 26. Bd4 {[%clk
00:09:50]} {[%emt 00:04:23]} Ne5 {[%clk 00:22:45]} {[%emt 00:01:00]} 27. Bf1
{[%clk 00:08:44]} {[%emt 00:01:12]} Nc6 {[%clk 00:20:44]} {[%emt 00:02:05]} 28.
Bc3 {[%clk 00:08:44]} {[%emt 00:00:05]} Rde8 {[%clk 00:19:50]} {[%emt
00:00:58]} 29. Rde1 {[%clk 00:08:30]} {[%emt 00:00:20]} Ne5 {[%clk 00:18:32]}
{[%emt 00:01:23]} 30. Bd4 {[%clk 00:07:17]} {[%emt 00:01:18]} Nc6 {[%clk
00:18:09]} {[%emt 00:00:27]} 31. Bc3 {[%clk 00:07:17]} {[%emt 00:00:03]} Ne5
{[%clk 00:18:05]} {[%emt 00:00:08]} 32. g4 {[%clk 00:06:44]} {[%emt 00:00:39]}
Nf7 {[%clk 00:15:31]} {[%emt 00:02:38]} 33. Kg3 {[%clk 00:06:34]} {[%emt
00:00:15]} Bd7 {[%clk 00:14:47]} {[%emt 00:00:49]} 34. Bd4 {[%clk 00:06:23]}
{[%emt 00:00:17]} Ne5 {[%clk 00:14:18]} {[%emt 00:00:33]} 35. Bh3 {[%clk
00:06:17]} {[%emt 00:00:12]} Nc6 {[%clk 00:13:55]} {[%emt 00:00:28]} 36. Bc3
{[%clk 00:06:17]} {[%emt 00:00:02]} h6 {[%clk 00:12:43]} {[%emt 00:01:16]} 37.
h5 {[%clk 00:05:45]} {[%emt 00:00:38]} Ne5 {[%clk 00:12:28]} {[%emt 00:00:19]}
38. f4 {[%clk 00:05:36]} {[%emt 00:00:14]} Nf7 {[%clk 00:12:21]} {[%emt
00:00:11]} 39. Kf3 {[%clk 00:05:32]} {[%emt 00:00:10]} Bc6 {[%clk 00:11:54]}
{[%emt 00:00:31]} 40. Bf1 {[%clk 00:05:26]} {[%emt 00:00:11]} Re6 {[%clk
00:11:25]} {[%emt 00:00:34]} 41. Bd3 {[%clk 00:05:23]} {[%emt 00:00:08]} R6e7
{[%clk 00:11:04]} {[%emt 00:00:27]} 42. a4 {[%clk 00:05:14]} {[%emt 00:00:14]}
Bd7 {[%clk 00:10:31]} {[%emt 00:00:37]} 43. a5 {[%clk 00:05:14]} {[%emt
00:00:06]} Be6 {[%clk 00:09:58]} {[%emt 00:00:37]} 44. b4 {[%clk 00:05:14]}
{[%emt 00:00:06]} c6 {[%clk 00:08:39]} {[%emt 00:01:23]} 45. Kf2 {[%clk
00:05:05]} {[%emt 00:00:14]} Bxg4 {[%clk 00:07:27]} {[%emt 00:01:17]} 46. f5
{[%clk 00:04:28]} {[%emt 00:00:43]} Ne5 {[%clk 00:06:51]} {[%emt 00:00:41]} 47.
Bxe5 {[%emt 00:00:32]} Rxe5 {[%clk 00:06:49]} {[%emt 00:00:05]} 48. Rg3 {[%clk
00:03:51]} {[%emt 00:00:17]} Bxh5 {[%clk 00:05:44]} {[%emt 00:01:10]} 49. Rh1
{[%clk 00:03:47]} {[%emt 00:00:09]} Bf7 {[%clk 00:05:44]} {[%emt 00:00:01]} 50.
Rhg1 {[%clk 00:03:18]} {[%emt 00:00:35]} g5 {[%clk 00:05:12]} {[%emt 00:00:36]}
51. fxg6 {[%clk 00:03:18]} {[%emt 00:00:03]} Be6 {[%clk 00:05:10]} {[%emt
00:00:06]} 52. Rf3 {[%clk 00:03:18]} {[%emt 00:00:05]} Kg7 {[%clk 00:05:10]}
{[%emt 00:00:05]} 53. Rg2 {[%clk 00:02:58]} {[%emt 00:00:26]} Rg5 {[%clk
00:05:08]} {[%emt 00:00:07]} 54. Rxg5 {[%clk 00:02:58]} {[%emt 00:00:02]} hxg5
{[%clk 00:05:06]} {[%emt 00:00:07]} 55. Rh3 {[%clk 00:02:58]} {[%emt 00:00:03]}
Bxh3 {[%clk 00:05:06]} {[%emt 00:00:02]} 0-1